Wilhelm Conrad Röntgen and the early history of the Roentgen rays /

Bibliographic Details
Main Author: Glasser, Otto, 1895-1964
Other Authors: Tucker, Jessie C. (Editor), Boveri, Margret, 1900-1975
Format: Book
Language:English
Published: Springfield, Ill. : C.C. Thomas, [1934]
Subjects:

MARC

Tag First Indicator Second Indicator Subfields
LEADER 00000cam a22000001a 4500
001 in00000040710
005 20170928131512.0
008 730109s1934 iluac b 001 0beng
010 |a  34006457  
019 |a 220778839 
035 |a (OCoLC)ocm00531601 
035 |a (OCoLC)531601  |z (OCoLC)220778839 
040 |a DLC  |b eng  |c WRJ  |d DLC  |d CMC  |d CHS  |d OCLCQ  |d MUQ  |d OCLCQ  |d OCLCG  |d CUN  |d OCLCO  |d TPH  |d OCLCQ  |d OCLCO  |d OCLCQ  |d OCLCF  |d KLH  |d WIC  |d OCLCQ  |d UtOrBLW 
043 |a e-gx--- 
049 |a TXAM 
050 1 4 |a R512.R7  |b G6 1934 
060 1 4 |a WZ 100 R715g 1934 
082 0 0 |a 925.3 
100 1 |a Glasser, Otto,  |d 1895-1964.  |0 http://id.loc.gov/authorities/names/n83827120 
245 1 0 |a Wilhelm Conrad Röntgen and the early history of the Roentgen rays /  |c by Otto Glasser ; with a chapter, Personal reminiscences of W.C. Röntgen, by Margret Boveri. 
264 1 |a Springfield, Ill. :  |b C.C. Thomas,  |c [1934] 
300 |a xii, 494 pages :  |b illustrations, portraits ;  |c 25 cm 
336 |a text  |b txt  |2 rdacontent 
337 |a unmediated  |b n  |2 rdamedia 
338 |a volume  |b nc  |2 rdacarrier 
500 |a Edited by Jessie C. Tucker. 
504 |a Includes bibliographical references (pages 421-479). 
600 1 0 |a Röntgen, Wilhelm Conrad,  |d 1845-1923.  |0 http://id.loc.gov/authorities/names/n50046876 
600 1 0 |a Röntgen, Wilhelm Conrad,  |d 1845-1923  |v Bibliography. 
650 0 |a Physicists  |z Germany  |v Biography.  |0 http://id.loc.gov/authorities/subjects/sh2008109328 
650 0 |a X-rays  |x History. 
650 0 |a X-rays  |v Bibliography. 
650 2 |a Radiography  |x history.  |0 https://id.nlm.nih.gov/mesh/D011859Q000266 
600 1 6 |a Röntgen, Wilhelm Conrad,  |d 1845-1923. 
600 1 6 |a Röntgen, Wilhelm Conrad,  |d 1845-1923  |x Bibliographie. 
650 6 |a Rayons X  |x Histoire. 
650 6 |a Rayons X  |x Bibliographie. 
600 1 7 |a Röntgen, Wilhelm Conrad,  |d 1845-1923.  |2 fast  |0 (OCoLC)fst00016084 
650 7 |a Physicists.  |2 fast  |0 (OCoLC)fst01063014 
650 7 |a X-rays.  |2 fast  |0 (OCoLC)fst01181857 
651 7 |a Germany.  |2 fast  |0 (OCoLC)fst01210272 
655 7 |a Bibliography.  |2 fast  |0 (OCoLC)fst01423717 
655 7 |a Biography.  |2 fast  |0 (OCoLC)fst01423686 
655 7 |a History.  |2 fast  |0 (OCoLC)fst01411628 
700 1 |a Tucker, Jessie C.,  |e editor. 
700 1 |a Boveri, Margret,  |d 1900-1975.  |0 http://id.loc.gov/authorities/names/n83827121 
994 |a C0  |b TXA 
999 f f |s 62289c2c-d0a6-3d77-ab8d-7bb1001c73b9  |i 360b8131-f773-3a1e-9562-a705fbf6e08e  |t 0 
952 f f |p normal  |a Texas A&M University  |b College Station  |c Sterling C. Evans Library  |d Evans: Library Stacks  |t 0  |e R512.R7 G6 1934  |h Library of Congress classification  |i unmediated -- volume  |m A14800924081 
998 f f |a R512.R7 G6 1934  |t 0  |l Evans: Library Stacks